| 000 | 00385nam a22001457a 4500 | ||
|---|---|---|---|
| 999 |
_c8202 _d8202 |
||
| 003 | OSt | ||
| 005 | 20200812131524.0 | ||
| 008 | 200812b ||||| |||| 00| 0 eng d | ||
| 020 | _a9780120884148 | ||
| 082 |
_a639.275 _bWIL |
||
| 100 | _a Williams, Richard N | ||
| 245 | _aReturn to the river : restoring salmon to the Columbia River | ||
| 260 | _bElsevier academic press | ||
| 942 | _2ddc | ||